Word Ladder: Bouvier Twins Quiz Stats

 Plays Quiz Updated Aug 16, 2017

Support Sporcle.
Go Orange.
Score 0/11 Timer 02:00
1 Play Today
Hint 5-Letter Word % Correct
Capital of FrancePARIS
97%
A shindig, fiesta, or hootenanny PARTY
91.7%
The other of Marge Simpson's older twin sisters•SELMA•
87.6%
1994 Hole single 'Doll ___'PARTS
86.9%
Niles Crane's unseen wife in 'Frasier'MARIS
82.7%
One of Marge Simpson's older twin sisters•PATTY•
81.6%
'From Dusk Till Dawn' and 'Dogma' actress HayekSALMA
81.1%
Heroine of 'West Side Story'MARIA
80.5%
Eldest Obama daughterMALIA
79.4%
European island nationMALTA
73.5%
Northwestern province of ArgentinaSALTA
64.7%

Today's Daily Dose

From the Vault

Classic Sidescrollers by GIF

by puzzman3d

Gaming 5m
Who needs three-dimensional movement? Side-to-side gets the job done just fine!
Remove Ads.
Support Sporcle.
Get the best of Sporcle when you Go Orange. This ad-free experience offers more features, more stats, and more fun while also helping to support Sporcle. Thank you for becoming a member.

Show Comments

Extras

Top Quizzes Today


Score Distribution

Your Account Isn't Verified!

In order to create a playlist on Sporcle, you need to verify the email address you used during registration. Go to your Sporcle Settings to finish the process.

Report this User

Report this user for behavior that violates our Community Guidelines.

Details: